Pengajaran nilai dalam kurikulum / (Record no. 2195)

000 -LEADER
fixed length control field nam a22 a 4500
003 - CONTROL NUMBER IDENTIFIER
control field AKMAL
005 - DATE AND TIME OF LATEST TRANSACTION
control field 20170515152629.0
008 - FIXED-LENGTH DATA ELEMENTS--GENERAL INFORMATION
fixed length control field 170515s1989 my 00 may d
020 ## - INTERNATIONAL STANDARD BOOK NUMBER
International Standard Book Number 9676509116
040 ## - CATALOGING SOURCE
Original cataloging agency AKMAL
Transcribing agency AKMAL
049 ## - LOCAL HOLDINGS (OCLC)
Holding library mal
082 04 - DEWEY DECIMAL CLASSIFICATION NUMBER
Classification number 373.19 HUS
090 ## - LOCALLY ASSIGNED LC-TYPE CALL NUMBER (OCLC); LOCAL CALL NUMBER (RLIN)
Classification number (OCLC) (R) ; Classification number, CALL (RLIN) (NR) 373.19
Local cutter number (OCLC) ; Book number/undivided call number, CALL (RLIN) HUS
100 ## - MAIN ENTRY--PERSONAL NAME
Personal name Sufean Hussin,
Dates associated with a name 1956-
9 (RLIN) 4622
245 1# - TITLE STATEMENT
Title Pengajaran nilai dalam kurikulum /
Statement of responsibility, etc. Sufean Hussin
260 ## - PUBLICATION, DISTRIBUTION, ETC.
Place of publication, distribution, etc. Petaling Jaya :
Name of publisher, distributor, etc. Fajar Bakti,
Date of publication, distribution, etc. 1989
300 ## - PHYSICAL DESCRIPTION
Extent x, 152ms. :
Other physical details ill. ;
Dimensions 22cm
440 ## - SERIES STATEMENT/ADDED ENTRY--TITLE
Title Siri pendidikan Fajar Bakti
9 (RLIN) 4544
504 ## - BIBLIOGRAPHY, ETC. NOTE
Bibliography, etc. note Bibliografi: ms.(147)-148
650 ## - SUBJECT ADDED ENTRY--TOPICAL TERM
Topical term or geographic name entry element Values
9 (RLIN) 4623
650 ## - SUBJECT ADDED ENTRY--TOPICAL TERM
Topical term or geographic name entry element Psychology
9 (RLIN) 859
942 ## - ADDED ENTRY ELEMENTS (KOHA)
Source of classification or shelving scheme
Koha item type Book
Holdings
Withdrawn status Lost status Source of classification or shelving scheme Damaged status Not for loan Collection code Home library Current library Date acquired Inventory number Total Checkouts Full call number Barcode Date last seen Price effective from Koha item type
          NON-FICTION AKMAL Melaka AKMAL Melaka 15.05.2017 301293   373.19 HUS 201706383 15.05.2017 15.05.2017 Book
Pusat Sumber Maklumat Dato' Haji Sarmin Md Hussin, Akademi Kastam Diraja Malaysia, Melaka
Tel: 06-2331106 | Faks: 06-2313787